Detalles MARC
| 000 -LEADER |
| campo de control de longitud fija |
02912am aa2200445i 44500 |
| 003 - IDENTIFICADOR DE NÚMERO DE CONTROL |
| campo de control |
PE-LiUPU |
| 005 - FECHA Y HORA DE LA ÚLTIMA TRANSACCIÓN |
| campo de control |
20251103110053.0 |
| 008 - DATOS DE LONGITUD FIJA--INFORMACIÓN GENERAL |
| campo de control de longitud fija |
2309s2023 pe#a rb 001 0 spa d |
| 020 ## - NÚMERO INTERNACIONAL ESTÁNDAR DEL LIBRO |
| Número Internacional Estándar del Libro |
9786123178956 |
| 035 ## - NÚMERO DE CONTROL DEL SISTEMA |
| Número de control de sistema |
PE-LiUPU000038 |
| 040 ## - FUENTE DE CATALOGACIÓN |
| Centro catalogador/agencia de origen |
PE-LiUPU |
| Lengua de catalogación |
spa |
| Centro/agencia transcriptor |
PE-LiUPU |
| Normas de descripción |
rda |
| 082 04 - NÚMERO DE LA CLASIFICACIÓN DECIMAL DEWEY |
| Número de clasificación |
712.09854 |
| Cutter |
L864p |
| Número de edición |
23 |
| 100 1# - ENTRADA PRINCIPAL--NOMBRE DE PERSONA |
| Nombre de persona |
López, Susana, |
| Término indicativo de función/relación |
autora. |
| 9 (RLIN) |
7318 |
| 245 10 - MENCIÓN DEL TÍTULO |
| Título |
Proyecto Especial Paisajístico Río Rímac / |
| Mención de responsabilidad, etc. |
por Susana López y Pedro Mendoza. |
| 250 ## - MENCION DE EDICION |
| Mención de edición |
Primera edición. |
| 264 #1 - PRODUCCIÓN, PUBLICACIÓN, DISTRIBUCIÓN, FABRICACIÓN Y COPYRIGHT |
| Producción, publicación, distribución, fabricación y copyright |
Lima : |
| Nombre del de productor, editor, distribuidor, fabricante |
Pontificia Universidad Católica del Perú, Fondo Editorial ; |
| -- |
Facultad de Arquitectura y Urbanismo, |
| Fecha de producción, publicación, distribución, fabricación o copyright |
2023. |
| 300 ## - DESCRIPCIÓN FÍSICA |
| Extensión |
139 páginas : |
| Otras características físicas |
ilustraciones, fotografías, planos, mapas ; |
| Dimensiones |
27 cm. |
| 336 ## - TIPO DE CONTENIDO |
| Término de tipo de contenido |
texto |
| Código de tipo de contenido |
txt |
| Fuente |
rdacontent |
| 337 ## - TIPO DE MEDIO |
| Nombre/término del tipo de medio |
sin mediación |
| Código del tipo de medio |
n |
| Fuente |
rdamedia |
| 338 ## - TIPO DE SOPORTE |
| Nombre/término del tipo de soporte |
volumen |
| Código del tipo de soporte |
nc |
| Fuente |
rdacarrier |
| 490 1# - MENCIÓN DE SERIE |
| Mención de serie |
Colección Cuerpo Docente ; |
| 500 ## - NOTA GENERAL |
| Nota general |
Impreso en los talleres de Tarea Asociación Gráfica Educativa, Lima (setiembre 2023). |
| 500 ## - NOTA GENERAL |
| Nota general |
Proyecto desarrollado en el marco del Programa Municipal para la Recuperación del Centro Histórico de Lima (PROLIMA). |
| 504 ## - NOTA DE BIBLIOGRAFÍA, ETC. |
| Nota de bibliografía, etc. |
Incluye bibliografía (p. 134). |
| 505 0# - NOTA DE CONTENIDO CON FORMATO |
| Nota de contenido con formato |
Presentación -- Introducción -- Evolución histórica: de corredor verde a eje vial -- Proyecto Especial Paisajístico Río Rímac – PEPPR -- Agua y paisaje -- Intervenciones -- Mirada al futuro -- Detrás del proyecto -- Bibliografía. |
| 520 ## - RESUMEN, ETC. |
| Sumario, etc. |
Este libro presenta el Proyecto Especial Paisajístico Río Rímac (PEPRR), iniciativa de PROLIMA para recuperar el valor ambiental, histórico y urbano del río Rímac como eje ecológico y estructurante de Lima. A través de estudios, lineamientos y estrategias de intervención, se propone un sistema de espacios públicos sostenibles, accesibles y resilientes frente al cambio climático, buscando mejorar la calidad de vida urbana y paisajística del Centro Histórico de Lima y su entorno metropolitano. |
| 546 ## - NOTA DE IDIOMA |
| Nota de lengua/lenguaje |
Texto en español. |
| 650 14 - PUNTO DE ACCESO ADICIONAL DE MATERIA--TÉRMINO DE MATERIA |
| Término de materia o nombre geográfico como elemento de entrada |
Paisajismo urbano |
| Subdivisión geográfica |
Perú |
| -- |
Lima. |
| 9 (RLIN) |
7608 |
| 650 24 - PUNTO DE ACCESO ADICIONAL DE MATERIA--TÉRMINO DE MATERIA |
| Término de materia o nombre geográfico como elemento de entrada |
Arquitectura sustentable |
| Subdivisión geográfica |
Perú |
| -- |
Lima. |
| 9 (RLIN) |
7609 |
| 650 24 - PUNTO DE ACCESO ADICIONAL DE MATERIA--TÉRMINO DE MATERIA |
| Término de materia o nombre geográfico como elemento de entrada |
Arquitectura del paisaje urbano |
| Subdivisión geográfica |
Perú |
| -- |
Lima. |
| 9 (RLIN) |
7610 |
| 651 24 - PUNTO DE ACCESO ADICIONAL DE MATERIA--NOMBRE GEOGRÁFICO |
| Nombre geográfico |
Rímac, Valle del |
| Subdivisión general |
Condiciones ambientales. |
| 9 (RLIN) |
7611 |
| 700 ## - ENTRADA AGREGADA--NOMBRE PERSONAL |
| Nombre de persona |
Mendoza, Pedro, |
| Término indicativo de función/relación |
autor. |
| 9 (RLIN) |
7321 |
| 710 ## - ENTRADA AGREGADA--NOMBRE DE ENTIDAD CORPORATIVA |
| Nombre de entidad corporativa o nombre de jurisdicción como elemento de entrada |
Pontificia Universidad Católica del Perú. |
| Unidad subordinada |
Facultad de Arquitectura y Urbanismo. |
| 9 (RLIN) |
534 |
| 710 ## - ENTRADA AGREGADA--NOMBRE DE ENTIDAD CORPORATIVA |
| Nombre de entidad corporativa o nombre de jurisdicción como elemento de entrada |
Fondo Editorial de la Pontificia Universidad Católica del Perú, |
| Término indicativo de función/relación |
editor. |
| Unidad subordinada |
Fondo Editorial, |
| 9 (RLIN) |
7281 |
| 830 #0 - PUNTO DE ACCESO ADICIONAL DE SERIE-TÍTULO UNIFORME |
| Título uniforme |
Colección Cuerpo Docente (Pontificia Universidad Católica del Perú. Facultad de Arquitectura y Urbanismo) ; |
| Designación de volumen o secuencia |
05. |
| 856 40 - LOCALIZACIÓN Y ACCESO ELECTRÓNICOS |
| Identificador Uniforme de Recursos |
<a href="https://arquitectura.pucp.edu.pe/publicaciones">https://arquitectura.pucp.edu.pe/publicaciones</a> |
| Nota pública |
Sitio web de Arquitectura PUCP. |
| 942 ## - ELEMENTOS DE ENTRADA SECUNDARIOS (KOHA) |
| Fuente del sistema de clasificación o colocación |
Clasificación Decimal Dewey |
| Tipo de ítem Koha |
Libros físicos |
| 980 ## - EQUIVALENCIA O REFERENCIA-CRUZADA-MENCIÓN DE SERIE--NOMBRE DE PERSONA/TÍTULO [LOCAL, CANADÁ] |
| ID del último usuario que modificó el registro |
18226 |
| Nombre del último usuario que modificó el registro |
Jaime Vilcazán Jefe de Análisis Documental |